000 01393nam a22003257a 4500
001 768714001
003 CO-MdFUSB
005 20211029170920.0
007 ta
008 210423t1992 ck |||| |||| 00| 0 spa d
020 _a 9789582100001
040 _aCO-MdFUSB
_bspa
_cCO-MdFUSB
_dCO-MdFUSBC
_erda
041 _aspa
082 _223
_a305.8
_bG216
100 _aGarcía Pónare, Raúl,
_eautor
245 1 _aEstilo cognoscitivo guahibo :
_bfactores cognoscitivos y socioculturales que afectan el aprendizaje de niños guahibos
_c/ Raúl García Pónare
264 1 _aColombia :
_b[Editor no identificado],
_c[1992]
264 4 _c© 1992
300 _a148 páginas
_c; 23 cm
336 _2rdacontent
_atexto
_btxt
337 _2rdamedia
_asin mediación
_bn
338 _2rdacarrier
_avolumen
_bnc
504 _aIncluye referencias bibliográficas (páginas147)
505 _aTres enfoques para la educación Guahiba: La educación bilingüe. -- La educación bicultural comparativa. -- La educación bicognoscitiva. -- La percepción guahiba: Percepción del mundo. -- Percepción de la sociedad. -- Percepción de la enseñanza. -- Aspectos prácticos de la enseñanza: qué incluir en el currículo. -- La enseñanza bicognoscitiva. -- La escuela Guahiba.
563 _aRústico
653 _aLengua guahibo
653 _aEstudio y docencia.
942 _cBK
945 _aJTF-925
999 _c66708
_d66708